[Event "Accademia Cup"]
[Site "Roma ITA"]
[Date "1997.??.??"]
[Round "?"]
[White "Vigile, Matteo"]
[Black "Moroni, Marco"]
[Result "1/2-1/2"]
[WhiteElo "1567"]
[BlackElo "1785"]
[PlyCount "97"]
[EventDate "1997.??.??"]

1. e4 Nc6 2. d4 e5 3. Nf3 exd4 4. Nxd4 Bc5 5. Nf5 Qf6 6. Nc3 Nge7 7. Ne3 O-O 8.
g3 Qd4 9. Qxd4 Nxd4 10. Bg2 c6 11. O-O b5 12. Rd1 a5 13. Kf1 Ba6 14. Kg1 Rfd8
15. e5 Ba7 16. Ne4 Ne2+ 17. Kh1 Nxc1 18. Raxc1 Bxe3 19. fxe3 Ng6 20. Rd2 Nxe5
21. Rcd1 d5 22. Nc5 Nc4 23. Re2 Bc8 24. Rd4 f5 25. e4 Re8 26. b3 Nd6 27. e5 Ne4
28. Bxe4 fxe4 29. c4 Bg4 30. Re1 Rxe5 31. cxb5 cxb5 32. Nd3 Ree8 33. Nf4 e3 34.
Kg1 Bf3 35. Nxd5 Re5 36. Nxe3 Rae8 37. Kf2 Ba8 38. Nc2 Rf8+ 39. Kg1 Ref5 40.
Rd2 h5 41. Ne3 R5f6 42. Rf1 Rxf1+ 43. Nxf1 Kh7 44. Ne3 Rc8 45. Kf2 Rf8+ 46. Kg1
Rc8 47. Kf2 Rc1 48. Rc2 Rh1 49. Nf1 1/2-1/2

[Event "Accademia Cup"]
[Site "Roma ITA"]
[Date "1997.??.??"]
[Round "?"]
[White "Vigile, Matteo"]
[Black "Occhioni, Edmondo"]
[Result "0-1"]
[WhiteElo "1567"]
[BlackElo "1741"]
[PlyCount "56"]
[EventDate "1997.??.??"]

1. e4 c6 2. d4 d5 3. exd5 cxd5 4. c4 Nf6 5. c5 e5 6. Nc3 Ne4 7. Nxe4 dxe4 8.
Be3 exd4 9. Qxd4 Qxd4 10. Bxd4 Nc6 11. Bb5 Bd7 12. Bxc6 Bxc6 13. Ne2 f6 14. O-O
Kf7 15. b4 a5 16. a3 Be7 17. Nc3 Rhd8 18. Ne2 Bb5 19. Be3 Bxe2 20. Rfb1 Bd3 21.
Rb2 axb4 22. Rxb4 b5 23. a4 bxa4 24. Rbxa4 Rxa4 25. Rxa4 Bc2 26. Rd4 Rxd4 27.
Bxd4 Ke6 28. Kf1 Kd5 0-1

[Event "Accademia Cup"]
[Site "Roma ITA"]
[Date "1997.??.??"]
[Round "?"]
[White "Wyss, Walter"]
[Black "Cattarinich, Benedetto"]
[Result "0-1"]
[WhiteElo "2210"]
[BlackElo "1807"]
[PlyCount "66"]
[EventDate "1997.??.??"]

1. e4 c5 2. c3 b6 3. d4 Bb7 4. Bd3 Nf6 5. Nd2 cxd4 6. cxd4 e6 7. Ngf3 Nc6 8. a3
Be7 9. O-O O-O 10. e5 Nd5 11. Ne4 f5 12. exf6 Nxf6 13. Qe2 Na5 14. b4 Nb3 15.
Rb1 Nxc1 16. Rbxc1 Nd5 17. Qd2 Nf4 18. Bb1 Rc8 19. Rxc8 Qxc8 20. Ne5 d6 21. Nf3
Qe8 22. Ne1 Qh5 23. f3 Qh6 24. Kh1 Ba6 25. Rf2 d5 26. Ng3 Bh4 27. Kg1 Qg5 28.
b5 Bxb5 29. Qb4 Bc4 30. Bxh7+ Kxh7 31. Qxf8 Bxg3 32. hxg3 Qxg3 33. Rf1 Ne2+ 0-1

[Event "Accademia Cup"]
[Site "Roma ITA"]
[Date "1997.??.??"]
[Round "?"]
[White "Wyss, Walter"]
[Black "Cesarini, Lanfranco"]
[Result "1-0"]
[WhiteElo "2210"]
[BlackElo "1798"]
[PlyCount "47"]
[EventDate "1997.??.??"]

1. e4 e6 2. Qe2 Nc6 3. g3 b6 4. Bg2 Bb7 5. Nf3 Bc5 6. c3 e5 7. b4 Bd6 8. O-O
Nf6 9. d4 Be7 10. d5 Nb8 11. Nxe5 d6 12. Nf3 O-O 13. c4 Nbd7 14. Bb2 c5 15. b5
Re8 16. Nbd2 Bf8 17. Nh4 g6 18. f4 Bg7 19. a4 Qe7 20. Rae1 Qf8 21. e5 dxe5 22.
fxe5 h5 23. e6 Rab8 24. e7 1-0

[Event "Accademia Cup"]
[Site "Roma ITA"]
[Date "1997.??.??"]
[Round "?"]
[White "Wyss, Walter"]
[Black "Ridolfi, Raffaele"]
[Result "1-0"]
[WhiteElo "2210"]
[BlackElo "1660"]
[PlyCount "93"]
[EventDate "1997.??.??"]

1. b4 d5 2. Bb2 Bf5 3. e3 e6 4. h4 h6 5. g4 Be4 6. f3 Bg6 7. Ne2 f6 8. h5 Bf7
9. f4 Bxb4 10. c4 Bd6 11. Bg2 c6 12. cxd5 exd5 13. Nbc3 Ne7 14. Ng3 Nd7 15.
Nce2 Qc7 16. a4 Nc5 17. Qc2 Rc8 18. Bh3 Be6 19. Nd4 Bd7 20. Ngf5 Nxf5 21. gxf5
Rd8 22. Rg1 Bc8 23. Ne6 Bxe6 24. fxe6 Qe7 25. Qg6+ Kf8 26. Ke2 Rg8 27. Qf5 Re8
28. Rxg7 Qxe6 29. Rxg8+ Qxg8 30. Qxf6+ Qf7 31. Qxh6+ Ke7 32. Qg5+ Kf8 33. h6
Ne6 34. Bxe6 Rxe6 35. h7 Qxh7 36. Rg1 Be7 37. Qg4 Rd6 38. Be5 Rd8 39. f5 Bc5
40. Bg7+ Kf7 41. f6 Bf8 42. Qg3 Rd7 43. Bxf8 Kxf8 44. Qb8+ Kf7 45. Rg7+ Qxg7
46. fxg7 Kxg7 47. Qxa7 1-0

[Event "Accademia Cup"]
[Site "Roma ITA"]
[Date "1997.??.??"]
[Round "?"]
[White "Wyss, Walter"]
[Black "Simeoni, Matteo"]
[Result "1-0"]
[WhiteElo "2210"]
[BlackElo "1797"]
[PlyCount "79"]
[EventDate "1997.??.??"]

1. e4 c5 2. Nc3 Nc6 3. f4 g6 4. Nf3 Bg7 5. Bc4 e6 6. d3 Nge7 7. f5 d5 8. Bb3
gxf5 9. exd5 exd5 10. O-O Be6 11. Ng5 Qd7 12. Re1 O-O-O 13. Be3 d4 14. Nxe6
fxe6 15. Bg5 e5 16. Nb5 Rhg8 17. Bxg8 Rxg8 18. Bxe7 Qxe7 19. Qf3 Qf6 20. Qxf5+
Qxf5 21. Nd6+ Kd7 22. Nxf5 Bf8 23. Ng3 Ke6 24. Re2 Bh6 25. Rae1 Rg4 26. Ne4 b6
27. g3 Bg7 28. Nd2 Ne7 29. Nf3 Nc6 30. Kg2 Bf6 31. h3 Rg8 32. Re4 h5 33. a3 b5
34. b4 Kd5 35. bxc5 Re8 36. Nd2 Kxc5 37. R4e2 a5 38. Ne4+ Kb6 39. Nxf6 Ra8 40.
Nd7+ 1-0

[Event "Festival A"]
[Site "Santa Flavia ITA"]
[Date "1997.08.16"]
[Round "1"]
[White "Bonaccorsi, Fabrizio"]
[Black "Roberti, Ignazio"]
[Result "1-0"]
[WhiteElo "2130"]
[BlackElo "1721"]
[PlyCount "61"]
[EventDate "1997.08.16"]

1.e4 c5 2.Nf3 d6 3.c3 Nc6 4.d4 Bg4 5.Be2 Nf6 6.O-O Nxe4 7.d5 Nb8 8.Qa4+ 
Nd7 9.Qxe4 Nf6 10.Bb5+ Bd7 11.Bxd7+ Qxd7 12.Qd3 g6 13.c4 Bg7 14.Nc3 O-O 
15.Rb1 a6 16.Bg5 h6 17.Bd2 Rab8 18.a4 Qg4 19.Rfe1 Rfe8 20.Ne4 Nh5 21.h3 
Qd7 22.a5 g5 23.Ng3 Nf6 24.Nf5 g4 25.N3h4 h5 26.Nxg7 Kxg7 27.Qe3 Rh8 28.
Qxe7 Qa4 29.Nf5+ Kg6 30.Nxd6 Rbf8 31.Bc3 1-0

[Event "Festival A"]
[Site "Santa Flavia ITA"]
[Date "1997.08.16"]
[Round "1"]
[White "Capozzoli, Silvio"]
[Black "Neil, David R."]
[Result "0-1"]
[WhiteElo "1806"]
[BlackElo "2260"]
[PlyCount "90"]
[EventDate "1997.08.16"]

1.f4 d5 2.Nf3 g6 3.d4 Bg7 4.e3 Nh6 5.Nc3 c6 6.Be2 Nd7 7.Bd2 Nf6 8.Ne5 Nf5 
9.g4 Nd6 10.Bf3 h5 11.g5 Nfe4 12.O-O Bf5 13.Ne2 f6 14.gxf6 exf6 15.Nd3 Bh3
16.Re1 Bg4 17.Bg2 h4 18.Rf1 a5 19.Qe1 Qe7 20.Nc3 b6 21.Nxe4 Nxe4 22.Nf2 
Bf5 23.Qe2 Kf7 24.c4 h3 25.Bf3 Nxf2 26.Kxf2 Qd7 27.cxd5 cxd5 28.Rac1 Rhc8 
29.Rxc8 Rxc8 30.Rc1 Rxc1 31.Bxc1 Qc6 32.Bd2 Bf8 33.Qa6 Be7 34.Bc3 g5 35.
fxg5 fxg5 36.Bh5+ Kg7 37.Qe2 Qe6 38.Bf3 g4 39.Bh1 Be4 40.Kg1 Bxh1 41.Kxh1 
Qe4+ 42.Kg1 Bh4 43.a3 g3 44.Be1 gxh2+ 45.Qxh2 Qxe3+ 0-1

[Event "Festival A"]
[Site "Santa Flavia ITA"]
[Date "1997.08.16"]
[Round "1"]
[White "Ciampi, Vincenzo"]
[Black "Tripodo, Roberto"]
[Result "1/2-1/2"]
[WhiteElo "2165"]
[BlackElo "1735"]
[PlyCount "46"]
[EventDate "1997.08.16"]

1.e4 c5 2.Nf3 e6 3.d4 cxd4 4.Nxd4 Nf6 5.Nc3 d6 6.Be2 Be7 7.O-O a6 8.f4 Qc7
9.Kh1 Nc6 10.Be3 O-O 11.a4 Bd7 12.Nb3 Rac8 13.Qd2 Rfd8 14.a5 Qb8 15.Bf3 
Nb4 16.Bb6 Rf8 17.Rad1 Rc4 18.Qe2 Rfc8 19.e5 Nfd5 20.Nxd5 Nxd5 21.Bxd5 
exd5 22.c3 Ba4 23.Nd4 Bxd1 1/2-1/2

[Event "Festival A"]
[Site "Santa Flavia ITA"]
[Date "1997.08.16"]
[Round "1"]
[White "Galioto, Natale"]
[Black "Passerotti, Pierluigi"]
[Result "0-1"]
[WhiteElo "1822"]
[BlackElo "2310"]
[PlyCount "60"]
[EventDate "1997.08.16"]

1.e4 c5 2.Nf3 Nc6 3.d4 cxd4 4.Nxd4 g6 5.Nc3 Bg7 6.Be3 Nf6 7.Be2 O-O 8.O-O 
d5 9.exd5 Nb4 10.Qd2 Nfxd5 11.Nxd5 Nxd5 12.Bh6 Bxh6 13.Qxh6 Qb6 14.Rfd1 
Qxb2 15.Rab1 Qxa2 16.Rb3 Nf6 17.h4 Rd8 18.h5 Bg4 19.Bxg4 Nxg4 20.Qf4 e5 
21.Qxg4 exd4 22.h6 Qxc2 23.Rbd3 Qc5 24.Qf4 a5 25.Qf6 Qf8 26.Rb1 Qxh6 27.
Rxb7 Qg7 28.Qb6 a4 29.Rf3 Rf8 30.Ra3 Qe5 0-1

[Event "Festival A"]
[Site "Santa Flavia ITA"]
[Date "1997.08.16"]
[Round "1"]
[White "Livecchi, Dario"]
[Black "Povah, Nigel E."]
[Result "0-1"]
[WhiteElo "1884"]
[BlackElo "2325"]
[PlyCount "56"]
[EventDate "1997.08.16"]

1.e4 c5 2.Nf3 e6 3.d4 cxd4 4.Nxd4 Nf6 5.Nc3 Nc6 6.f4 Bb4 7.Nxc6 bxc6 8.Bd3
d5 9.e5 d4 10.a3 dxc3 11.axb4 cxb2 12.Bxb2 Nd5 13.Qg4 O-O 14.Ra3 g6 15.O-O
Qb6+ 16.Kh1 Ne3 17.Qh4 Qxb4 18.Rb3 Qd2 19.Rg1 Nd1 20.Bd4 Ba6 21.Qg4 Nf2+ 
22.Bxf2 Bxd3 23.Bh4 Be4 24.Bf6 Rab8 25.Rh3 Rb2 26.Rg3 Rfb8 27.Qg5 Rb1 28.
h3 Qf2 0-1

[Event "Festival A"]
[Site "Santa Flavia ITA"]
[Date "1997.08.16"]
[Round "1"]
[White "Ljubisavljevic, Zivojin Z."]
[Black "Karsdorp, Nico"]
[Result "1-0"]
[WhiteElo "2305"]
[BlackElo "1779"]
[PlyCount "69"]
[EventDate "1997.08.16"]

1.d4 Nf6 2.c4 e6 3.g3 d5 4.Bg2 Be7 5.Nf3 Nbd7 6.O-O O-O 7.b3 b6 8.cxd5 
exd5 9.Nc3 Bb7 10.Bf4 a6 11.Ne5 Ne4 12.Nxe4 dxe4 13.Rc1 Nxe5 14.Bxe5 c5 
15.dxc5 Bxc5 16.e3 Qe7 17.Rxc5 Qxc5 18.Bd6 Qa5 19.Bxf8 Rxf8 20.Qd4 Qxa2 
21.Qxb6 Bd5 22.b4 Bc4 23.Rc1 Bd3 24.Qd4 Qd2 25.Ra1 Qc2 26.h4 h6 27.g4 Rc8 
28.g5 hxg5 29.hxg5 Rc4 30.Qd5 Rc8 31.g6 Rf8 32.b5 Bxb5 33.Bxe4 Qe2 34.
gxf7+ Kh8 35.Qf5 1-0

[Event "Festival A"]
[Site "Santa Flavia ITA"]
[Date "1997.08.16"]
[Round "1"]
[White "Mack, Andrew L."]
[Black "Ruzza, Claudio"]
[Result "1-0"]
[WhiteElo "2275"]
[BlackElo "1815"]
[PlyCount "59"]
[EventDate "1997.08.16"]

1.e4 e6 2.d4 d5 3.Nc3 Bb4 4.Qd3 dxe4 5.Qxe4 Nf6 6.Qh4 c5 7.dxc5 Nc6 8.Bd2 
Qa5 9.Bd3 Qxc5 10.Nge2 Qh5 11.Bg5 Qxh4 12.Bxh4 Nd5 13.O-O-O Nxc3 14.Nxc3 
Be7 15.Bg3 Bd7 16.Nb5 O-O-O 17.Bc4 a6 18.Nd6+ Bxd6 19.Bxd6 Rhe8 20.Rhe1 
Ne7 21.f3 Bc6 22.Bc5 Nd5 23.Bf1 Kc7 24.Bd4 f6 25.Bc5 b6 26.Bd4 e5 27.Bf2 
Nb4 28.a3 Na2+ 29.Kb1 Bd5 30.c4 1-0

[Event "Festival A"]
[Site "Santa Flavia ITA"]
[Date "1997.08.16"]
[Round "1"]
[White "Mazzilli, Piero"]
[Black "Karayiannis, Costas"]
[Result "1-0"]
[WhiteElo "1768"]
[BlackElo "2175"]
[PlyCount "111"]
[EventDate "1997.08.16"]

1.e4 c5 2.c3 e5 3.d4 exd4 4.cxd4 cxd4 5.Nf3 Nc6 6.Nxd4 Nf6 7.Nxc6 dxc6 8.
Qxd8+ Kxd8 9.Nc3 Bb4 10.Bg5 h6 11.O-O-O+ Ke7 12.Bh4 g5 13.Bg3 Be6 14.e5 
Nh5 15.a3 Nxg3 16.hxg3 Ba5 17.Bd3 b5 18.Be4 Rac8 19.f4 Bxc3 20.bxc3 Bd5 
21.Bxd5 cxd5 22.Kc2 Ke6 23.Rd4 gxf4 24.gxf4 Rcg8 25.Rh2 h5 26.a4 a6 27.
axb5 axb5 28.Rb4 Rg4 29.Kd3 h4 30.Ke3 Rg3+ 31.Kf2 Rxc3 32.Rxb5 d4 33.Rh1 
Kf5 34.Rb4 Rc2+ 35.Kf3 Rhc8 36.g4+ hxg3 37.Rh5+ Ke6 38.Rh6+ Ke7 39.Kxg3 
R2c3+ 40.Kg4 R3c4 41.Rb7+ R8c7 42.Rxc7+ Rxc7 43.Rd6 Rd7 44.Rxd7+ Kxd7 45.
Kf3 Ke6 46.Ke4 d3 47.f5+ Ke7 48.Kxd3 Kd8 49.Kc4 Kc8 50.Kb5 Kd7 51.Kb6 Kd8 
52.Kc6 Kc8 53.Kd6 Kd8 54.f6 Ke8 55.Kc7 Kf8 56.Kd7 1-0

[Event "Festival A"]
[Site "Santa Flavia ITA"]
[Date "1997.08.16"]
[Round "1"]
[White "Messina, Giuseppe Ottavio"]
[Black "Gueci, Riccardo"]
[Result "0-1"]
[WhiteElo "1726"]
[BlackElo "2150"]
[PlyCount "92"]
[EventDate "1997.08.16"]

1.e4 c5 2.c3 d5 3.exd5 Qxd5 4.d4 Nf6 5.Nf3 e6 6.Be2 Nc6 7.O-O cxd4 8.cxd4 
Be7 9.Nc3 Qd8 10.Ne5 Qxd4 11.Nxc6 Qxd1 12.Rxd1 bxc6 13.Bf3 Nd5 14.Bd2 O-O 
15.Rac1 Rb8 16.Na4 Ba6 17.b3 Ba3 18.Rxc6 Bb5 19.Bxd5 exd5 20.Rc7 Bxa4 21.
bxa4 Rb2 22.Rd7 Rc8 23.Rxd5 h6 24.Rd7 Rxa2 25.Be3 a5 26.R7d2 Rxd2 27.Bxd2 
Rd8 28.Kf1 Rd4 29.Ra1 Bb2 30.Rd1 Rxa4 31.Rb1 Bf6 32.Rb8+ Kh7 33.Ra8 Ra2 
34.Bxa5 Bc3 35.Bxc3 Rxa8 36.Bd4 Ra2 37.g3 f5 38.Kg2 g5 39.Kf3 Kg6 40.Be3 
Ra3 41.h4 gxh4 42.gxh4 Kh5 43.Kf4 Kxh4 44.Kxf5 Ra5+ 45.Kg6 h5 46.f4 Kg4 
0-1

[Event "Festival A"]
[Site "Santa Flavia ITA"]
[Date "1997.08.16"]
[Round "1"]
[White "Messina, Igor"]
[Black "Botham, Christopher Paul"]
[Result "0-1"]
[WhiteElo "1714"]
[BlackElo "2095"]
[PlyCount "84"]
[EventDate "1997.08.16"]

1.e4 Nf6 2.e5 Nd5 3.d4 d6 4.c4 Nb6 5.exd6 cxd6 6.Nc3 g6 7.Be3 Bg7 8.Qd2 
Nc6 9.Rc1 O-O 10.b3 Bf5 11.Nf3 d5 12.c5 Nc8 13.Bh6 Bg4 14.Bxg7 Kxg7 15.Be2
Bxf3 16.Bxf3 e6 17.h4 Qf6 18.Ne2 h5 19.Rd1 N8e7 20.Ng3 Nf5 21.Nxf5+ Qxf5 
22.Qd3 Qxd3 23.Rxd3 b6 24.O-O Rfc8 25.Rc1 bxc5 26.dxc5 a5 27.Rd2 Rab8 28.
Be2 Rb4 29.g3 f6 30.Kf1 Rd8 31.Bd3 e5 32.Rcd1 f5 33.Be2 d4 34.Bc4 e4 35.a3
Rb7 36.a4 d3 37.Bb5 Nd4 38.c6 Rc7 39.Rb2 Nxb5 40.axb5 Rb8 41.f3 Rxb5 42.
fxe4 fxe4 0-1

[Event "Festival A"]
[Site "Santa Flavia ITA"]
[Date "1997.08.16"]
[Round "1"]
[White "Stock, Juergen"]
[Black "Galietto, Alberto"]
[Result "0-1"]
[WhiteElo "2050"]
[BlackElo "1708"]
[PlyCount "68"]
[EventDate "1997.08.16"]

1.d4 Nf6 2.c3 e6 3.Bg5 h6 4.Bh4 Be7 5.e3 b6 6.f4 Bb7 7.Nf3 d6 8.Bd3 O-O 9.
O-O Nbd7 10.Nbd2 Re8 11.h3 c5 12.g4 Nd5 13.Bxe7 Qxe7 14.Qe1 cxd4 15.Nxd4 
Nc5 16.Bc2 Nf6 17.e4 d5 18.e5 Nfe4 19.N2f3 Ba6 20.Rf2 Nxf2 21.Qxf2 Ne4 22.
Qe3 Bb7 23.Kh2 f6 24.Rg1 fxe5 25.Nxe5 Qf6 26.Ndf3 Rf8 27.Nd3 g5 28.Nfe5 
gxf4 29.Qd4 f3 30.Rf1 Qh4 31.Qg1 f2 32.Qg2 Qg5 33.Nf3 Qe3 34.Nde5 Qf4+ 0-1

[Event "Festival A"]
[Site "Santa Flavia ITA"]
[Date "1997.08.16"]
[Round "1"]
[White "Xheladini, Mahmut"]
[Black "Bellipanni, Piero"]
[Result "1-0"]
[WhiteElo "2310"]
[BlackElo "1875"]
[PlyCount "103"]
[EventDate "1997.08.16"]

1.e4 d6 2.d4 Nf6 3.Nd2 e5 4.c3 Be7 5.Bc4 O-O 6.Bb3 Nc6 7.Ne2 Bg4 8.f3 Bh5 
9.O-O Na5 10.Bc2 c5 11.d5 Nd7 12.Rf2 Bg5 13.Nf1 b5 14.g3 Bxc1 15.Qxc1 c4 
16.b4 Nb7 17.a4 a6 18.h4 Bg6 19.Ne3 f6 20.g4 Qb6 21.a5 Qc7 22.Ng3 Be8 23.
h5 Nd8 24.Nef5 Nf7 25.Ne7+ Kh8 26.Ngf5 Ng5 27.Kg2 h6 28.Qe3 Rb8 29.Rh1 Rb7
30.Kg3 Bf7 31.Ng6+ Bxg6 32.hxg6 Rc8 33.Rfh2 Nf8 34.f4 exf4+ 35.Qxf4 Nxg6 
36.Rxh6+ gxh6 37.Rxh6+ Qh7 38.Qf2 Ne5 39.Rxh7+ Rxh7 40.Qb6 Rg8 41.Bd1 
Nxe4+ 42.Kf4 Nf2 43.Qxd6 Nfxg4 44.Bxg4 Nxg4 45.Ke4 Rh2 46.Ne3 Rg5 47.Nxg4 
Rxg4+ 48.Kf3 Rgg2 49.Kf4 Rg8 50.Qxa6 Kh7 51.Qxb5 Rf2+ 52.Ke4 1-0

[Event "Festival A"]
[Site "Santa Flavia ITA"]
[Date "1997.08.17"]
[Round "2"]
[White "Bellipanni, Piero"]
[Black "Messina, Igor"]
[Result "1/2-1/2"]
[WhiteElo "1875"]
[BlackElo "1714"]
[PlyCount "129"]
[EventDate "1997.08.16"]

1.d4 Nf6 2.c4 e6 3.Nc3 d5 4.Nf3 c6 5.Bg5 Nbd7 6.e3 Qa5 7.Nd2 Bb4 8.Qc2 
dxc4 9.Bxf6 Nxf6 10.Nxc4 Qd5 11.a3 Bxc3+ 12.bxc3 c5 13.Rd1 cxd4 14.Rxd4 
Qc5 15.Qa4+ Bd7 16.Qb4 Qxb4 17.cxb4 Bc6 18.e4 Ke7 19.e5 Nd7 20.h4 Bd5 21.
f4 Rac8 22.Kd2 Rc7 23.Bd3 Bxc4 24.Rxc4 Rxc4 25.Bxc4 Nb6 26.Bd3 Rd8 27.Rc1 
h5 28.Rc7+ Rd7 29.Rxd7+ Kxd7 30.g3 g6 31.Ke3 Nd5+ 32.Kd4 Nc7 33.Be4 b6 34.
Kc4 Ke7 35.a4 Kf8 36.a5 Kg7 37.Bc6 Kf8 38.Kd4 Ke7 39.Ke4 Na6 40.axb6 axb6 
41.b5 Nc5+ 42.Kf3 Nb3 43.Ke3 Kf8 44.Bf3 Nc5 45.Be2 Kg7 46.Kf3 Nb3 47.Ke3 
Kh6 48.Bd1 Nc5 49.Bc2 Kg7 50.Kf3 Kh6 51.g4 hxg4+ 52.Kxg4 Nb7 53.Be4 Nd8 
54.Bf3 Kg7 55.Kg5 Kf8 56.Kf6 Ke8 57.h5 gxh5 58.Bxh5 Kf8 59.Bf3 Ke8 60.Be4 
Kd7 61.Bf3 Ke8 62.Bh5 Kf8 63.Bxf7 Nxf7 64.Kxe6 Ke8 65.Kd5 1/2-1/2

[Event "Festival A"]
[Site "Santa Flavia ITA"]
[Date "1997.08.17"]
[Round "2"]
[White "Botham, Christopher Paul"]
[Black "Ljubisavljevic, Zivojin Z."]
[Result "0-1"]
[WhiteElo "2095"]
[BlackElo "2305"]
[PlyCount "58"]
[EventDate "1997.08.16"]

1.d4 Nf6 2.Nf3 c5 3.c4 cxd4 4.Nxd4 Nc6 5.Nc3 g6 6.e3 Bg7 7.Be2 O-O 8.Nxc6 
dxc6 9.Qc2 e5 10.e4 Be6 11.O-O Nd7 12.Be3 f5 13.f3 f4 14.Bf2 g5 15.Rfd1 
Rf6 16.h3 h5 17.Rd6 Bf8 18.Rd2 Qe8 19.Rad1 Rg6 20.Kf1 g4 21.fxg4 hxg4 22.
Bxg4 Bxg4 23.hxg4 Nf6 24.Qb3 Nxg4 25.Qxb7 Ne3+ 26.Bxe3 fxe3 27.Re2 Rg7 28.
Qb3 Bc5 29.Na4 Qh5 0-1

[Event "Festival A"]
[Site "Santa Flavia ITA"]
[Date "1997.08.17"]
[Round "2"]
[White "Caizzone, Vito"]
[Black "Capozzoli, Silvio"]
[Result "1/2-1/2"]
[WhiteElo "2016"]
[BlackElo "1806"]
[PlyCount "87"]
[EventDate "1997.08.16"]

1.e4 c5 2.Nf3 Nc6 3.Bb5 g6 4.c3 Bg7 5.O-O Nf6 6.Qe2 O-O 7.d4 cxd4 8.cxd4 
a6 9.Ba4 b5 10.Bb3 d6 11.e5 dxe5 12.dxe5 Nd5 13.Rd1 e6 14.Nc3 Nxc3 15.bxc3
Qc7 16.Ba3 Nxe5 17.Bxf8 Nxf3+ 18.Qxf3 Bb7 19.Bd6 Bxf3 20.Bxc7 Bxd1 21.Rxd1
Bxc3 22.Rd8+ Rxd8 23.Bxd8 Kg7 24.Bd1 Kf8 25.Bf3 Ke8 26.Bb6 Kd7 27.Bb7 a5 
28.Kf1 a4 29.Ke2 b4 30.Kd3 Be5 31.h3 b3 32.axb3 axb3 33.Bd4 b2 34.Bxb2 
Bxb2 35.Ba6 Kd6 36.Bc4 f5 37.Bb5 g5 38.Be8 e5 39.Bf7 e4+ 40.Ke2 Ke5 41.Bh5
Bd4 42.Be8 f4 43.Bh5 e3 44.fxe3 1/2-1/2

[Event "Festival A"]
[Site "Santa Flavia ITA"]
[Date "1997.08.17"]
[Round "2"]
[White "Dorenberg, Gaston"]
[Black "Bonaccorsi, Fabrizio"]
[Result "1/2-1/2"]
[WhiteElo "2365"]
[BlackElo "2130"]
[PlyCount "79"]
[EventDate "1997.08.16"]

1.e4 c5 2.Nc3 Nc6 3.f4 a6 4.a4 e6 5.Nf3 d5 6.d3 dxe4 7.Nxe4 Nf6 8.c3 Be7 
9.g3 b6 10.Bg2 Bb7 11.O-O O-O 12.Be3 Ng4 13.Qe2 Nxe3 14.Qxe3 Qc7 15.Rfe1 
Rad8 16.Rad1 Rd7 17.Bh3 Rd5 18.Nf2 Bf6 19.Ng4 Qd8 20.Bg2 Rd7 21.h4 Ne7 22.
Nxf6+ gxf6 23.Bh3 h5 24.Kf2 Kg7 25.Rg1 Rh8 26.Qe2 Qg8 27.Nd2 Nf5 28.Nc4 
Qd8 29.Ne3 Nxe3 30.Qxe3 Rd5 31.Bg2 Rd7 32.Bxb7 Rxb7 33.Qf3 Qd5 34.Qxd5 
exd5 35.Rge1 b5 36.a5 Rd8 37.Rc1 c4 38.Red1 Kg6 39.Rc2 Rbd7 40.d4 1/2-1/2

[Event "Festival A"]
[Site "Santa Flavia ITA"]
[Date "1997.08.17"]
[Round "2"]
[White "Galietto, Alberto"]
[Black "Mack, Andrew L."]
[Result "0-1"]
[WhiteElo "1708"]
[BlackElo "2275"]
[PlyCount "96"]
[EventDate "1997.08.16"]

1.e4 e6 2.d4 d5 3.Nd2 Nf6 4.e5 Nfd7 5.Ngf3 c5 6.c3 Nc6 7.Be2 Qb6 8.Qb3 Qc7
9.O-O cxd4 10.cxd4 g6 11.Qd1 Bg7 12.Nb3 O-O 13.Ne1 f6 14.f4 Nb6 15.Nf3 Bd7
16.Nc5 fxe5 17.fxe5 Nxe5 18.Nxe5 Bxe5 19.dxe5 Qxc5+ 20.Kh1 Rxf1+ 21.Qxf1 
Rf8 22.Bf3 Qd4 23.Qe1 Rf5 24.Bh6 Rxe5 25.Qg3 Qxb2 26.Rc1 Qd4 27.h4 Nc4 28.
h5 Be8 29.Bf4 Rf5 30.Bh6 Qe5 31.Qh3 g5 32.Qg4 Qf6 33.Re1 Qxh6 34.Qxf5 exf5
35.Rxe8+ Kf7 36.Rd8 Nb6 37.Rb8 g4 38.Rxb7+ Ke6 39.Be2 Qxh5+ 40.Kg1 Qh4 41.
Kf1 Nc4 42.Bxc4 dxc4 43.Rxa7 g3 44.Ra6+ Kd5 45.Ra5+ Ke4 46.Rc5 Qh1+ 47.Ke2
Qxg2+ 48.Kd1 Qg1+ 0-1

[Event "Festival A"]
[Site "Santa Flavia ITA"]
[Date "1997.08.17"]
[Round "2"]
[White "Gambardella, Piero"]
[Black "Galioto, Natale"]
[Result "0-1"]
[WhiteElo "1692"]
[BlackElo "1822"]
[PlyCount "66"]
[EventDate "1997.08.16"]

1.Nf3 Nf6 2.g3 g6 3.Bg2 Bg7 4.O-O d6 5.c4 O-O 6.Nc3 Nbd7 7.Rb1 Re8 8.b4 e5
9.Qc2 Nf8 10.d3 Nh5 11.e4 f5 12.c5 f4 13.cxd6 cxd6 14.Nd5 Ne6 15.Bb2 Bd7 
16.Qb3 Kh8 17.Rfd1 g5 18.d4 g4 19.dxe5 gxf3 20.Bxf3 Qg5 21.exd6 Nf6 22.h4 
Qh6 23.Ne7 Bf8 24.Nf5 Qg6 25.Qc3 Bg7 26.Nxg7 Kxg7 27.Bh5 Qxh5 28.Qxf6+ Kg8
29.Rd5 Qg6 30.Qh8+ Kf7 31.Rf5+ Qxf5 32.exf5 Rxh8 33.fxe6+ Kxe6 0-1

[Event "Festival A"]
[Site "Santa Flavia ITA"]
[Date "1997.08.17"]
[Round "2"]
[White "Gueci, Riccardo"]
[Black "Xheladini, Mahmut"]
[Result "0-1"]
[WhiteElo "2150"]
[BlackElo "2310"]
[PlyCount "64"]
[EventDate "1997.08.16"]

1.e4 c5 2.d4 cxd4 3.c3 dxc3 4.Nxc3 a6 5.Bc4 e6 6.Nf3 Nc6 7.O-O Qc7 8.Qe2 
Nge7 9.Bg5 Ng6 10.Rac1 Bd6 11.Bb3 Qa5 12.Rfd1 Bb8 13.Nd5 O-O 14.Bd2 Qd8 
15.Nb4 Nce5 16.h3 Qf6 17.Nh2 Ba7 18.g3 a5 19.Nc2 a4 20.Bc4 Nxc4 21.Ng4 
Qxb2 22.Qxc4 b5 23.Qd3 f5 24.exf5 Rxf5 25.Nge3 Ne5 26.Qe4 d5 27.Nxd5 Nf3+ 
28.Kg2 exd5 29.Qe8+ Rf8 30.Qc6 Nxd2 31.Qxd5+ Kh8 32.Qxd2 Bb7+ 0-1

[Event "Festival A"]
[Site "Santa Flavia ITA"]
[Date "1997.08.17"]
[Round "2"]
[White "Neil, David R."]
[Black "Vallifuoco, Giacomo"]
[Result "1/2-1/2"]
[WhiteElo "2260"]
[BlackElo "2395"]
[PlyCount "95"]
[EventDate "1997.08.16"]

1.e4 c5 2.Nc3 Nc6 3.f4 g6 4.Nf3 Bg7 5.Bb5 Nd4 6.a4 a6 7.Bc4 e6 8.d3 Ne7 9.
e5 d5 10.exd6 Nef5 11.Ne4 Nxd6 12.Nxd6+ Qxd6 13.c3 Nf5 14.a5 O-O 15.O-O b5
16.axb6 Qxb6 17.Qe2 Bb7 18.Ne5 Rfd8 19.Ra3 Bd5 20.Bxd5 exd5 21.Qf2 f6 22.
Nf3 Bf8 23.g4 Nd6 24.Be3 Qb5 25.Qc2 Re8 26.Bf2 Rab8 27.b3 Rb7 28.Re1 Rxe1+
29.Nxe1 c4 30.bxc4 dxc4 31.Qa2 h5 32.Rxa6 hxg4 33.dxc4 Qb3 34.Qd2 Qxc4 35.
Rxd6 Bxd6 36.Qxd6 Qxc3 37.Qe6+ Kg7 38.Qxg4 Re7 39.Nf3 Qc4 40.h3 Qd5 41.Kg2
Rb7 42.Kg3 f5 43.Qg5 Rb3 44.Qe7+ Kg8 45.Qe2 Qe4 46.Qd1 Rd3 47.Qh1 Kh7 48.
h4 1/2-1/2

[Event "Festival A"]
[Site "Santa Flavia ITA"]
[Date "1997.08.17"]
[Round "2"]
[White "Passerotti, Pierluigi"]
[Black "Mazzilli, Piero"]
[Result "1-0"]
[WhiteElo "2310"]
[BlackElo "1768"]
[PlyCount "63"]
[EventDate "1997.08.16"]

1.d4 Nf6 2.Nf3 d5 3.c4 e6 4.Nc3 b6 5.cxd5 exd5 6.Bg5 Be7 7.Qa4+ Bd7 8.Qc2 
Be6 9.e3 O-O 10.Be2 c5 11.O-O Nc6 12.Rad1 Rc8 13.Ne5 Ne4 14.Nxc6 Rxc6 15.
Bxe7 Qxe7 16.Nxe4 Bf5 17.Qa4 Rh6 18.Nd2 Qh4 19.Nf3 Qh5 20.Qxa7 Bg4 21.Qc7 
f5 22.Qf4 g5 23.Qe5 Rf7 24.Rfe1 Rg7 25.dxc5 f4 26.Rxd5 Re6 27.Rd8+ Kf7 28.
Rd7+ Ke8 29.Qxg7 Bxf3 30.Bxf3 g4 31.Ra7 Qd5 32.Qg8# 1-0

[Event "Festival A"]
[Site "Santa Flavia ITA"]
[Date "1997.08.17"]
[Round "2"]
[White "Rosin, Federico"]
[Black "Tozer, Richard J.D."]
[Result "1-0"]
[WhiteElo "2260"]
[BlackElo "2340"]
[PlyCount "83"]
[EventDate "1997.08.16"]

1.d4 f5 2.Bg5 g6 3.e3 Bg7 4.Nf3 Nf6 5.c3 O-O 6.Nbd2 d5 7.Bxf6 Bxf6 8.Be2 
Nd7 9.h4 c6 10.Qc2 e5 11.dxe5 Nxe5 12.Nxe5 Bxe5 13.O-O-O b5 14.h5 g5 15.
Nf3 Bh8 16.Bd3 Qf6 17.g4 h6 18.gxf5 Bxf5 19.Nd4 Bxd3 20.Qxd3 b4 21.f4 bxc3
22.bxc3 Rab8 23.fxg5 hxg5 24.h6 Qd6 25.h7+ Kg7 26.Nf5+ Rxf5 27.Qxf5 Qa3+ 
28.Kd2 Rb2+ 29.Ke1 Qxc3+ 30.Kf1 Qxe3 31.Qd7+ Kf8 32.Qf5+ Kg7 33.Re1 Qf4+ 
34.Qxf4 gxf4 35.Re7+ Kg6 36.Rxa7 d4 37.Ra8 Rb1+ 38.Kg2 Rxh1 39.Kxh1 Kg7 
40.Ra7+ Kg6 41.Kg2 c5 42.Rc7 1-0

[Event "Festival A"]
[Site "Santa Flavia ITA"]
[Date "1997.08.17"]
[Round "2"]
[White "Ruzza, Claudio"]
[Black "Stock, Juergen"]
[Result "0-1"]
[WhiteElo "1815"]
[BlackElo "2050"]
[PlyCount "68"]
[EventDate "1997.08.16"]

1.d4 f5 2.Nf3 e6 3.Bf4 Nf6 4.e3 d5 5.Bd3 Be7 6.h3 O-O 7.Nbd2 Ne4 8.c4 Nd7 
9.c5 c6 10.b4 a6 11.a4 Bf6 12.Qc2 Qe8 13.Nb3 e5 14.dxe5 Bxe5 15.Nxe5 Nxe5 
16.Bxe5 Qxe5 17.f4 Qf6 18.Bxe4 dxe4 19.O-O-O Be6 20.a5 Rad8 21.Rd4 Qf7 22.
Rxd8 Rxd8 23.Nd4 Bc4 24.Kb2 Rxd4 25.exd4 e3 26.Qc3 e2 27.g3 Kf8 28.h4 Qe6 
29.Re1 Bb5 30.Kc2 Qa2+ 31.Qb2 Qd5 32.Kd2 Kf7 33.Qc3 Kg6 34.Rxe2 Qa2+ 0-1